| 000 | 00775cab a2200217 4500 | ||
|---|---|---|---|
| 001 | ##L135173 | ||
| 008 | 061003n2006 000 0 eng u | ||
| 035 | _a(Sirsi) u135173 | ||
| 041 | 0 | _aeng | |
| 100 | 1 | _aRowe, Stephen | |
| 245 | 0 | 0 |
_aFocus _bScotland |
| 260 | _c2006 | ||
| 490 | 0 |
_aEstates Gazette _v(0639) 30 September 2006, 129-153(17) |
|
| 520 | _aExamines the commercial property market in Scotland. Discusses current demand for Glasgow offices, retail investment in Scotland and urban regeneration projects. Also examines investment in transport in Scotland. | ||
| 590 | _aIKA171006 | ||
| 651 | 4 |
_aScotland _y1999- |
|
| 690 | _aPROPERTY-COMMERCIAL PROPERTY-COMMERCIAL PROPERTY MARKET | ||
| 700 | 1 | _aBaker, Colin | |
| 700 | 1 | _aMorrison, Adrian | |
| 942 | _n0 | ||
| 999 |
_c77815 _d77815 |
||